000 00577nam a2200181Ia 4500
008 090123s9999 xx 000 0 und d
082 _b12880
_a891.463/मराठे
100 _aमराठे प्रभाकर
245 _aअंधारगर्भ
250 _a1
260 _bहेमचंद्र प्रकाशन
_c1979
300 _a147
600 _aमराठे प्रभाकर
630 _aअंधारगर्भ
700 _aमराठे प्रभाकर
730 _aअंधारगर्भ
942 _cBOOK
999 _c50943
_d50943